000 00787cam a2200277 4500
999 _c234817
_d234817
001 766673
003 Nust
005 20170330194459.0
008 701007s1970 enk 000 1 eng
010 _a 70491685
015 _aB70-06291
020 _a9780330029209
040 _aDLC
_cDLC
_dDLC
_dOCoLC
043 _af-sa---
050 0 0 _aPZ4.S6596
_bGo
_aPR9405.9.S5
082 0 0 _a823
_bSMI
100 1 _aSmith, Wilbur A.
245 1 0 _aGold mine
_c[by] Wilbur Smith.
260 _aLondon,
_bHeinemann,
_c1970.
300 _a263 p.
_c23 cm.
350 _a30/-
650 0 _aGold mines and mining
_xFiction.
651 0 _aSouth Africa
_xFiction.
655 7 _aAdventure stories.
_2gsafd
906 _a7
_bcbc
_corignew
_d4
_encip
_f19
_gy-gencatlg
942 _2ddc
_cBK